Canadian National Parks Quiz - Statistics

General Stats
  • This quiz has been taken 18 times
  • The average score is 17 of 49
Answer Stats
Province / Territory Date Established Area (sq mi) National Park % Correct
Alberta 25 November 1885 2,564 Banff National Park
100%
Alberta 14 September 1907 4,335 Jasper National Park
75%
British Columbia 10 October 1886 521 Glacier National Park
56%
British Columbia 21 April 1920 543 Kootenay National Park
56%
British Columbia 1970 197 Pacific Rim National Park Reserve
56%
Manitoba 30 May 1933 1,146 Riding Mountain National Park
56%
Alberta / Northwest Territories 1922 17,364 Wood Buffalo National Park
56%
British Columbia 10 October 1886 507 Yoho National Park
56%
New Brunswick 1948 80 Fundy National Park
50%
Newfoundland and Labrador 1 October 2005 697 Gros Morne National Park
50%
Ontario 1904 9 Thousand Islands National Park
50%
Alberta 30 May 1895 195 Waterton Lakes National Park
50%
Saskatchewan 1981 282 Grasslands National Park
44%
Yukon 29 May 1993 2,278 Kluane National Park and Reserve
44%
British Columbia 1914 101 Mount Revelstoke National Park
44%
Ontario 15 May 2015 31 Rouge National Urban Park
44%
Newfoundland and Labrador 31 July 2015 4,131 Akami−Uapishkᵘ−KakKasuak−Mealy Mountains National Park Reserve
38%
Nova Scotia 1936 366 Cape Breton Highlands National Park
38%
Alberta 1913 75 Elk Island National Park
38%
Northwest Territories 1974 11,583 Nahanni National Park Reserve
38%
Ontario 29 May 1918 6 Point Pelee National Park
38%
Ontario 1971 725 Pukaskwa National Park
38%
Ontario 1930 5 Georgian Bay Islands National Park
31%
Yukon 1984 3,764 Ivvavik National Park
31%
New Brunswick 1969 92 Kouchibouguac National Park
31%
Saskatchewan 24 March 1927 1,496 Prince Albert National Park
31%
Prince Edward Island 1937 10 Prince Edward Island National Park
31%
Nova Scotia 20 June 2013 12 Sable Island National Park Reserve
31%
Newfoundland and Labrador 1957 154 Terra Nova National Park
31%
Newfoundland and Labrador 10 July 2008 3,745 Torngat Mountains National Park
31%
Ontario 1987 48 Bruce Peninsula National Park
25%
British Columbia 9 May 2003 14 Gulf Islands National Park Reserve
25%
British Columbia 1988 569 Gwaii Haanas National Park Reserve, National Marine Conservation Area, and Haida Heritage Site
25%
Nova Scotia 1967 156 Kejimkujik National Park
25%
Quebec 22 August 1970 207 La Mauricie National Park
25%
Quebec 1984 58 Mingan Archipelago National Park Reserve
25%
Nunavut 23 August 2003 8,062 Ukkusiksalik National Park
25%
Manitoba 1996 4,431 Wapusk National Park
25%
Nunavut 2001 7,370 Auyuittuq National Park
19%
Quebec 8 June 1970 93 Forillon National Park
19%
Nunavut 2001 8,571 Sirmilik National Park
19%
Northwest Territories 21 August 2019 5,523 Thaidene Nëné National Park Reserve
19%
Northwest Territories 1998 7,020 Tuktut Nogait National Park
19%
Northwest Territories 1992 4,710 Aulavik National Park
13%
Prince Edward Island 4 July 2024 12 Pituamkek National Park Reserve
13%
Northwest Territories 18 December 2014 1,873 Nááts'ihch'oh National Park Reserve
13%
Nunavut 1 September 2015 4,250 Qausuittuq National Park
13%
Nunavut 1988 14,585 Quttinirpaaq National Park
13%
Yukon 1993 1,678 Vutnut National Park
13%
No matching quizzes found
Score Distribution
Percent of People with Each Score
Percentile by Number Answered
Your Score History
You have not taken this quiz